00378nam a22001097a 4500008004100000020001500041082001500056100000800071245015100079260003000230300000800260230703b xxu||||| |||| 00| 0 eng d a9291420832 a351.7bIPU cIPU aParliament and the Budgetary process including from a Gender PerspecivebRegional Seminar for English-Speaking African Parliamentsc22-24 May 2000 aNairobi, KenyabIPUc2001 a96p